Science, politics, and the agricultural revolution in Asia
This book introduce the agricultural revolution. Technology transfer and the commerciallization of India agriculture. Alternate routes to agrarian change and the responsibility of research...
Sparad:
| Materialtyp: | Bok |
|---|---|
| Språk: | Undetermined |
| Publicerad: |
Boulder, Colorado
Published by Westview Press
1982
|
| Ämnen: | |
| Taggar: |
Lägg till en tagg
Inga taggar, Lägg till första taggen!
|
| Thư viện lưu trữ: | Trung tâm Học liệu Trường Đại học Cần Thơ |
|---|
| LEADER | 00844nam a2200205Ia 4500 | ||
|---|---|---|---|
| 001 | CTU_230069 | ||
| 008 | 210402s9999 xx 000 0 und d | ||
| 082 | |a 338.1095 | ||
| 082 | |b S416 | ||
| 245 | 0 | |a Science, politics, and the agricultural revolution in Asia | |
| 245 | 0 | |c Edited by Robert S. Anderson ... [et al.] | |
| 260 | |a Boulder, Colorado | ||
| 260 | |b Published by Westview Press | ||
| 260 | |c 1982 | ||
| 520 | |a This book introduce the agricultural revolution. Technology transfer and the commerciallization of India agriculture. Alternate routes to agrarian change and the responsibility of research... | ||
| 650 | |a Đổi mới nông nghiệp,Agricultural innovations | ||
| 650 | |x Hội nghị,Congresses | ||
| 650 | |z Châu Á,Asia | ||
| 910 | |b dqhieu | ||
| 980 | |a Trung tâm Học liệu Trường Đại học Cần Thơ | ||